000 00525nam a22001817a 4500
005 20231116083730.0
008 231116b |||||||| |||| 00| 0 eng d
020 _a0702129690
041 _aEnglish
082 _a344.1 GRO
100 _aGrogan, J
_lEnglish
245 _aCollective Labour Law /
_cJ Grogan
250 _aFirst Edition
260 _aCape Town :
_bJuta and Company Ltd,
_c1993
300 _bxxv, 139 pages ;
_c25,5 cm.
650 _aLegal practice
_bLaw
942 _cBK
_6ALISON_BN_VRIES
999 _c712
_d712